|
|
|
|
| LEADER |
00000nab a2200000 a 4500 |
| 001 |
vtls010071881 |
| 003 |
SK-MaSNL |
| 005 |
20260305021235.0 |
| 008 |
250507c1974 xo |r|p|||||||000 b|slo |
| 015 |
|
|
|a SNBRB1974
|
| 035 |
|
|
|a urn:nbn:sk:snk-ab8ejn
|
| 035 |
|
|
|a (urnnbn)urn:nbn:sk:snk:ar-a09e13
|
| 035 |
|
|
|a (uuid)065f5c63-d1af-4ec5-a6df-82e8234a3132
|
| 038 |
|
|
|a SNKBUCL
|
| 040 |
|
|
|a SNKBUCL
|b slo
|c SNKBUCL
|e AACR2
|
| 041 |
0 |
|
|a slo
|
| 044 |
|
|
|a xo
|c SK
|
| 080 |
|
|
|a 792.071.2
|2 1997
|
| 080 |
|
|
|a 791.44.071.2
|2 1997
|
| 100 |
1 |
|
|a Bakošová-Hlavenková, Zuzana,
|d 1947-2019
|4 aut
|9 14587
|
| 245 |
1 |
0 |
|a Hľadať podobu herca
|b úvaha nad herectvom V. Strniskovej
|c Zuzana Bakošová
|
| 600 |
1 |
7 |
|a Strnisková, Viera,
|d 1929-2013
|2 snkbucl
|9 102383
|
| 655 |
|
7 |
|a profily
|2 snkbucl
|9 341977
|
| 773 |
0 |
|
|t Slovenské divadlo
|g Roč. 22, č. 3 (1974), s. 427-450
|
| 850 |
|
|
|a Slovenská národná knižnica
|
| 852 |
|
|
|a Slovenská národná knižnica
|
| 954 |
|
|
|a odborná, vedecká literatúra pôvodná (slovenská)
|2 lita
|
| 958 |
|
|
|a article9
|
| 958 |
|
|
|a OND
|
| 958 |
|
|
|a BX
|
| 958 |
|
|
|a EUIPO
|
| 999 |
|
|
|c 3284569
|d 3286499
|